000 00260nam a22001217a 4500
008 181012b xxu||||| |||| 00| 0 eng d
041 _aeng
080 _a574
100 _a9
101 _aMJE
245 _aConservation Farming
_cHughes, H.A
942 _2udc
_cBK
999 _c49565
_d49565